00314nam a2200133Ia 450000500170000000800410001705000260005824500330008426000220011730000200013944000060015952100070016552600080017220140402152309.0140130s9999 xx 000 0 und d aPZ 7 b.H67562St 2002 cMary HoffmanaStarring Grace bScholastic,c2000 a96 p. :c21 cm. v1 aG5 c740